Možnosti a príležitosti malých a stredných podnikov pri využívaní Dunaja s aplikáciou na ich vlastné podnikové stratégie bakalárska práca

Salvato in:
Dettagli Bibliografici
Autore principale: Treplán, Martin
Ente Autore: Obchodná fakulta EU. Katedra medzinárodného obchodu
Altri autori: Drobcová, Lenka, 1976-
Natura: Libro
Lingua:slovacco
Pubblicazione: Bratislava 2015
Tags: Aggiungi Tag
Nessun Tag, puoi essere il primo ad aggiungerne!!

MARC

LEADER 00000nbm a2200000 4500
001 0203361
005 20161212110506.8
041 0 |a slo 
044 |a SK 
245 1 0 |a Možnosti a príležitosti malých a stredných podnikov pri využívaní Dunaja s aplikáciou na ich vlastné podnikové stratégie  |b bakalárska práca  |c Martin Treplán ; školiteľ: Lenka Drobcová 
264 1 |a Bratislava  |c 2015 
300 |a 70 s. 
100 1 |a Treplán, Martin 
700 1 |a Drobcová, Lenka, 1976- 
710 2 |a Obchodná fakulta EU. Katedra medzinárodného obchodu